=LDR 00000nam 2200000 4500 =001 INLIS000000000057395 =005 20201229082441 =035 ##$$a 0010-1220000296 =007 ta =008 201229###########################0#ind## =020 ##$$a 978-602-9053-26-5 =082 ##$$a 342.7 =084 ##$$a 342.7-Mat m =245 1#$$a Materi Sosialisasi Empat Plar MPR RI /$c MPR RI =250 ##$$a cet 7 =300 ##$$a xxi, 216 halaman ; $c 21 cm =650 #4$$a Hukum Tatanegara =264 ##$$a jakarta :$b MPR dan Badan Sosialisasi MPR RI,$c 2017 =336 ##$$a teks$2 rdacontent =337 ##$$a lain-lain$2 rdamedia =338 ##$$a lain-lain$2 rdacarrier =990 ##$$a 38193819